000 00611nam a22002297a 4500
003 UA-OsUOA
001 6274
007 ta
008 20050810b un ||||| |||| 00| 0 ukr d
100 _aПомірко Р.С.
090 _a81"36
_bП55
942 _cSA
040 _aUA-OsUOA
_bukr
_cUA-OsUOA
_dUA-OsUOA
245 _aЯвище негативної полярності: типологічний аналіз
300 _aС.76-83
955 _a0
041 _aukr
080 _a81"36
044 _aUA
773 0 _w0
_tМовознавство
_d2003
_d№4
650 7 _aГраматика
_2UDC
999 _c292436
_d292436